00950nam a2200277 i 450000100060000000300090000600500170001500700030003200800410003502000180007608000140009410000380010824500730014625000120021926000310023130000220026249000440028449000230032850400340035165000320038583000520041783000310046985200330050099900170053395201220055088831ES-MaACL20230906175939.0t|041223s1993 sp ||||1| spa d a84-477-0272-3 a519.237.71 aFerrando Piera, Pere Joan.95029110aIntroducción al análisis factorial / cPere Joan Ferrando Piera. a1ª ed. aBarcelona : bPPU, c1993. a268 p. ; c23 cm.1 aAvances metodológicos en psicología1 aUniversitas ; v60 aBibliografía: p. [263]-268.14aAnálisis factorial.997680 aAvances metodológicos en psicología92318470 aUniversitas ; v609226602 aES-MaACLjE-10686 bR.134854 c88831d88831 00104070aATENEOMbATENEOMcDEPO2d2008-01-17eSCl0oE-10686p1092782r2023-02-23 00:00:00w2023-02-23yMONOGRAFIA